Future wealth : a new economics for the 21st century
Αποθηκεύτηκε σε:
| Κύριος συγγραφέας: | |
|---|---|
| Μορφή: | Βιβλίο |
| Γλώσσα: | English |
| Δημοσίευση: |
London :
Cassell,
1990
|
| Σειρά: | Countdown 2000
|
| Θέματα: | |
| Ετικέτες: |
Προσθήκη ετικέτας
Δεν υπάρχουν, Καταχωρήστε ετικέτα πρώτοι!
|
MARC
| LEADER | 00000nam a2200000 i 4500 | ||
|---|---|---|---|
| 001 | 1/64072 | ||
| 008 | 930929s1990 eng d | ||
| 020 | |a 0-304-31933-3 | ||
| 035 | |a ΛΕΣΒΟΣb10001321 |l 10001321 | ||
| 040 | |a GR-MY-UA |b gre |e aacr | ||
| 041 | 0 | |a eng | |
| 082 | 0 | |a 330 | |
| 100 | 1 | |a Robertson, James |d 1949- | |
| 245 | 1 | 0 | |a Future wealth : |b a new economics for the 21st century / |c James Robertson |
| 260 | |a London : |b Cassell, |c 1990 | ||
| 300 | |a 178 p. | ||
| 490 | 1 | |a Countdown 2000 | |
| 500 | |a Includes index | ||
| 650 | 0 | 0 | |a Economics. |
| 830 | 0 | |a Countdown 2000 | |
| 852 | |a INST |b LESVOS |e 19930929 |h 330 ROB |p 005100004515 |q 005100004515 |t BK |y 0 | ||
| 852 | |a INST |b LESVOS |e 19950727 |h 330 ROB |p 005100007589 |q 005100007589 |t BK |y 0 | ||
| 909 | |a Λ |b 026284 | ||